Teoría de circuitos I
Αποθηκεύτηκε σε:
| Κύριος συγγραφέας: | |
|---|---|
| Μορφή: | Βιβλίο |
| Γλώσσα: | Ισπανικά |
| Έκδοση: |
Valparaíso
Universidad Católica de Valparaíso
1999
|
| Θέματα: | |
| Ετικέτες: |
Προσθήκη ετικέτας
Δεν υπάρχουν, Καταχωρήστε ετικέτα πρώτοι!
|
MARC
| LEADER | 00000nam a2200000 a 4500 | ||
|---|---|---|---|
| 001 | UCP6527 | ||
| 003 | CL-VaPUC | ||
| 008 | 991029e19990000CL |||||||||||||||||spa|d | ||
| 082 | 0 | 4 | |a 621.381 |b VIL |2 21 |
| 100 | 0 | |a Villarroel Valencia, Raimundo |e author |9 435628 | |
| 245 | 1 | 0 | |a Teoría de circuitos I |
| 300 | |a 231 p | ||
| 942 | |c BK | ||
| 945 | |d 19991029 00:00:00 |a rbrito | ||
| 260 | |a Valparaíso |b Universidad Católica de Valparaíso |c 1999 | ||
| 650 | 0 | |a Circuitos electrónicos |9 260204 | |
| 650 | 0 | |a Teoría de circuitos |9 422094 | |
| 650 | 7 | |a RESISTORES |2 CL-VaPUC |9 435629 | |
| 650 | 0 | |a Capacitores |9 354942 | |
| 650 | 7 | |a INDUCTORES |2 CL-VaPUC |9 435630 | |
| 583 | |a last modification |c 19991029 00:00:00 |k Rodrigo Vera | ||
| 999 | |c 284037 |d 284035 | ||
| 952 | |0 0 |1 0 |4 0 |6 621_381000000000000_VIL_1999 |7 0 |8 A |9 327683 |a BIBING |b BIBING |d 2019-11-20 |i 4019849 |o 621.381 VIL 1999 |p 4019849 |r 2025-01-20 |w 2019-11-20 |y BK |k EIE | ||
| 952 | |0 0 |1 0 |4 0 |6 621_381000000000000_VIL_1999 |7 0 |8 A |9 327686 |a BIBING |b BIBING |d 2019-11-20 |i 4019873 |o 621.381 VIL 1999 |p 4019873 |r 2023-03-02 |w 2019-11-20 |y BK |k EIE | ||
| 952 | |0 0 |1 0 |4 0 |6 621_381000000000000_VIL_1999 |7 0 |8 A |9 327688 |a BIBING |b BIBING |d 2019-11-20 |i 4019776 |o 621.381 VIL 1999 |p 4019776 |r 2023-03-02 |w 2019-11-20 |y BK |k EIE | ||
| 952 | |0 0 |1 0 |4 0 |6 621_381000000000000_VIL_1999 |7 0 |8 A |9 327690 |a BIBING |b BIBING |d 2019-11-20 |i 4019806 |o 621.381 VIL 1999 |p 4019806 |r 2025-01-20 |w 2019-11-20 |y BK |k EIE | ||
| 952 | |0 0 |1 0 |4 0 |6 621_381000000000000_VIL_1999 |7 0 |8 A |9 327694 |a BIBING |b BIBING |d 2019-11-20 |i 4020030 |o 621.381 VIL 1999 |p 4020030 |r 2023-03-02 |w 2019-11-20 |y BK |k EIE | ||
| 952 | |0 0 |1 0 |4 0 |6 621_381000000000000_VIL_1999 |7 0 |8 A |9 327696 |a BIBING |b BIBING |d 2019-11-20 |i 4020057 |o 621.381 VIL 1999 |p 4020057 |r 2025-01-20 |w 2019-11-20 |y BK |k EIE | ||
| 952 | |0 0 |1 0 |4 0 |6 621_381000000000000_VIL_1999 |7 0 |8 A |9 327697 |a BIBING |b BIBING |d 2019-11-20 |i 4020065 |o 621.381 VIL 1999 |p 4020065 |r 2025-01-20 |w 2019-11-20 |y BK |k EIE | ||
| 952 | |0 0 |1 0 |4 0 |6 621_381000000000000_VIL_1999 |7 0 |8 A |9 327699 |a BIBING |b BIBING |d 2019-11-20 |i 4019822 |l 1 |o 621.381 VIL 1999 |p 4019822 |r 2025-01-20 |s 2020-07-24 |w 2019-11-20 |y BK |k EIE | ||
| 952 | |0 0 |1 0 |4 0 |6 621_381000000000000_VIL_1999 |7 0 |8 A |9 327700 |a BIBING |b BIBING |d 2019-11-20 |i 4019695 |o 621.381 VIL 1999 |p 4019695 |r 2025-01-20 |w 2019-11-20 |y BK |k EIE | ||
| 952 | |0 0 |1 0 |4 0 |6 621_381000000000000_VIL_1999 |7 0 |8 A |9 327703 |a BIBING |b BIBING |d 2019-11-20 |i 4019725 |o 621.381 VIL 1999 |p 4019725 |r 2025-01-20 |w 2019-11-20 |y BK |k EIE | ||
| 952 | |0 0 |1 0 |4 0 |6 621_381000000000000_VIL_1999 |7 0 |8 A |9 327710 |a BIBING |b BIBING |d 2019-11-20 |i 401992K |o 621.381 VIL 1999 |p 401992K |r 2025-01-20 |w 2019-11-20 |y BK |k EIE | ||
| 952 | |0 0 |1 0 |4 0 |6 621_381000000000000_VIL_1999 |7 0 |8 A |9 327716 |a BIBING |b BIBING |d 2019-11-20 |i 4019989 |o 621.381 VIL 1999 |p 4019989 |r 2025-01-20 |w 2019-11-20 |y BK |k EIE | ||
| 952 | |0 0 |1 0 |4 0 |6 621_381000000000000_VIL_1999 |7 0 |8 A |9 327718 |a BIBING |b BIBING |d 2019-11-20 |i 4019881 |o 621.381 VIL 1999 |p 4019881 |r 2025-01-20 |w 2019-11-20 |y BK |k EIE | ||
| 952 | |0 0 |1 0 |4 0 |6 621_381000000000000_VIL_1999 |7 0 |8 A |9 327720 |a BIBING |b BIBING |d 2019-11-20 |i 4019903 |o 621.381 VIL 1999 |p 4019903 |r 2023-03-02 |w 2019-11-20 |y BK |k EIE | ||
| 952 | |0 0 |1 0 |4 0 |6 621_381000000000000_VIL_1999 |7 0 |8 A |9 327721 |a BIBING |b BIBING |d 2019-11-20 |i 4019830 |o 621.381 VIL 1999 |p 4019830 |r 2025-01-20 |w 2019-11-20 |y BK |k EIE | ||